|
|
|
|
| LEADER |
01766nam a2200337 a 4500 |
| 001 |
1474 |
| 003 |
BD-DhAAL |
| 005 |
20150913122217.0 |
| 008 |
150312s1995 iluab b 001 0 eng |
| 010 |
|
|
|a 94008479
|
| 020 |
|
|
|a 0256125392
|
| 020 |
|
|
|a 0256173672 (annotated instructor's edition)
|
| 020 |
|
|
|a 0256174741
|
| 040 |
|
|
|a DLC
|c DLC
|d DLC
|d BD-DhAAL
|
| 050 |
0 |
0 |
|a HF5415
|b .C5275 1995
|
| 082 |
0 |
0 |
|a 658.8
|2 20
|
| 100 |
1 |
|
|a Churchill, Gilbert A.
|9 9446
|
| 245 |
1 |
0 |
|a Marketing :
|b creating value for customers /
|c Gilbert A. Churchill, Jr., J. Paul Peter.
|
| 260 |
|
|
|a Burr Ridge, Ill. :
|b Irwin,
|c c1995.
|
| 300 |
|
|
|a xxxii, 703 p. :
|b col. ill., col. maps ;
|c 27 cm.
|
| 504 |
|
|
|a Includes bibliographical references (p. 655-674) and indexes.
|
| 541 |
|
|
|e 1474
|
| 650 |
|
0 |
|a Marketing.
|9 9447
|
| 700 |
1 |
|
|a Peter, J. Paul.
|9 9448
|
| 942 |
|
|
|2 ddc
|c BK
|
| 999 |
|
|
|c 33985
|d 33985
|
| 952 |
|
|
|0 0
|1 0
|2 ddc
|4 0
|6 658_800000000000000_CHU
|7 0
|9 53043
|a SCL
|b SCL
|c GEN
|d 2015-03-12
|e Gift: The Asia Foundation
|l 1
|m 3
|o 658.8 CHU
|p 3020001474
|r 2017-06-17
|s 2017-05-23
|t 1
|w 2015-03-12
|y BK
|
| 952 |
|
|
|0 0
|1 0
|2 ddc
|4 0
|6 658_800000000000000_CHU
|7 0
|9 55863
|a SCL
|b SCL
|c GEN
|d 2015-09-13
|e Gift: The Asia Foundation
|l 0
|o 658.8 CHU
|p 3020000266
|r 2015-09-13
|t 2
|w 2015-09-13
|y BK
|
| 952 |
|
|
|0 0
|1 0
|2 ddc
|4 0
|6 658_800000000000000_CHU
|7 0
|9 55898
|a SCL
|b SCL
|c GEN
|d 2015-09-15
|e Gift: The Asia Foundation
|l 0
|o 658.8 CHU
|p 3020001477
|r 2015-09-15
|t 3
|w 2015-09-15
|y BK
|
| 952 |
|
|
|0 0
|1 0
|2 ddc
|4 0
|6 658_800000000000000_CHU
|7 0
|9 55899
|a SCL
|b SCL
|c GEN
|d 2015-09-15
|e Gift: The Asia Foundation
|l 0
|o 658.8 CHU
|p 3020001476
|r 2015-09-15
|t 4
|w 2015-09-15
|y BK
|
| 952 |
|
|
|0 0
|1 0
|2 ddc
|4 0
|6 658_800000000000000_CHU
|7 0
|9 55900
|a SCL
|b SCL
|c GEN
|d 2015-09-15
|e Gift: The Asia Foundation
|l 0
|o 658.8 CHU
|p 3020000267
|r 2015-09-15
|t 5
|w 2015-09-15
|y BK
|